000 00374nam a2200145 i 4500
001 bg
100 1 _aMUSIOŁ, Robert
245 0 _aWybrane metody prognozowania techniki /
_cRobert Musioł, Elżbieta Skrzypek.
260 _aLublin,
_c1980.
700 1 _aSKRZYPEK, Elżbieta
040 _cBPK
041 _apol
942 _cKS
008 s pl f |000 0 pol
999 _c20397
_d20397
856 _uhttp://koha.tu.koszalin.pl/cgi-bin/koha/opac-detail.pl?biblionumber=20397
_yKatalog online BPK